Veľká časť je uplatnením záujmu lobistických skupín

Podstatné výhrady účastníkov kapitálového trhu k zákonu o cenných papieroch a investičných službách. Definovanie investičných nástrojov a investičnej služby. Úprava činnosti obchodníkov s cennými papiermi. Kompetencie úradu pre finančný trh.

Saved in:
Bibliographic Details
Main Author: Hornák, Igor
Format: Book Chapter
Language:Slovak
Subjects:
Tags: Add Tag
No Tags, Be the first to tag this record!

MARC

LEADER 00000naa a2200000 4500
001 r042896
005 20230801095639.4
041 0 |a slo 
044 |a SK 
245 1 0 |a Veľká časť je uplatnením záujmu lobistických skupín  |c Igor Hornák 
520 |a Podstatné výhrady účastníkov kapitálového trhu k zákonu o cenných papieroch a investičných službách. Definovanie investičných nástrojov a investičnej služby. Úprava činnosti obchodníkov s cennými papiermi. Kompetencie úradu pre finančný trh. 
610 2 0 |a papiere cenné 
610 2 0 |a trh kapitálový 
610 2 0 |a listy podielové 
610 2 0 |a trh finančný 
610 2 0 |a porovnanie medzinárodné 
610 2 0 |a Európska únia 
610 2 0 |a Slovensko 
610 2 0 |a nástroje investičné 
100 1 |a Hornák, Igor